| 000 | 01066nam a22003137a 4500 | ||
|---|---|---|---|
| 003 | CHAP | ||
| 005 | 20220329140116.0 | ||
| 008 | 971013s1974 r 00010 d | ||
| 010 | _a47089 | ||
| 011 | _a48061 | ||
| 035 | _a52206 | ||
| 040 | _cCHAP | ||
| 090 | _aTesis | ||
| 100 | 0 | 0 |
_aValencia Villarreal, José Antonio. _9117449 |
| 245 | _aResistencia en cuatro variedades de trigo a Puccinia graminis tritici Erikss & Henn | ||
| 260 |
_aChapingo, Méx. : _bEl autor, _c1974 |
||
| 300 | _a72 h. | ||
| 502 | _aTesis (M.C. Esp. en Genética) -- ENA. Colegio de Postgraduados. Rama de Genética | ||
| 590 |
_aALEPH _b10 _c20130110 _lUCH01 _h1316 |
||
| 590 |
_aBATCH-UPD _b10 _c20130110 _lUCH01 _h2138 |
||
| 590 |
_aBATCH-UPD _b10 _c20130410 _lUCH01 _h1447 |
||
| 590 |
_aBATCH-UPD _b10 _c20130914 _lUCH01 _h1947 |
||
| 590 |
_aCONVERSION _b10 _c20130109 _lUCH01 _h1326 |
||
| 650 | 1 | 4 |
_aPuccinia graminis tritici. _992824 |
| 650 | 1 | 4 |
_aTrigo _xVariedades resistentes a enfermedades. _9115120 |
| 901 | _aBK | ||
| 942 | _cTESIS | ||
| 949 |
_bBC _cTES _d-116397 _eTS1 _i52206 _si |
||
| 999 |
_c47089 _d47089 |
||